[Event "2do ITT OAV Metro de Caracas "]
[Site "?"]
[Date "2013.07.24"]
[Round "1.1"]
[White "Merritt, Mario"]
[Black "Palencia, Wilson"]
[Result "1-0"]
[WhiteElo "2080"]
[BlackElo "2309"]
[PlyCount "125"]
[EventDate "2013.??.??"]
[SourceDate "2013.07.24"]

1. c4 f5 2. g3 Nf6 3. Bg2 g6 4. Nc3 Bg7 5. d3 O-O 6. e4 d6 7. Nge2 c6 8. O-O
Na6 9. h3 Kh8 10. Be3 Be6 11. Nd4 Bd7 12. Qd2 Qc8 13. exf5 gxf5 14. f4 e5 15.
Nde2 Qc7 16. d4 e4 17. a3 d5 18. cxd5 cxd5 19. Rfc1 Qd6 20. Bf1 Nc7 21. b4 Ne6
22. Qa2 Rg8 23. Rc2 Bh6 24. Kh1 Rg6 25. Bg2 Rag8 26. Rg1 b6 27. b5 Nh5 28. Bf2
Nc7 29. a4 Nxg3+ 30. Bxg3 Rxg3 31. Nxg3 Rxg3 32. Ne2 Ra3 33. Qxa3 Qxa3 34. Rxc7
Be8 35. Rc8 Qe7 36. Rgc1 Bf8 37. R1c7 Bd7 38. Ra8 Qd6 39. Rb7 Be6 40. Rbb8 Qa3
41. Rxa7 Kg8 42. Raa8 Qe3 43. Rxf8+ Kg7 44. Ng1 Qxd4 45. Rfe8 Kf7 46. Reb8 Kf6
47. Ra6 Bf7 48. Rbxb6+ Kg7 49. Rb7 Qf2 50. Raa7 Qxf4 51. Rxf7+ Kg6 52. Rg7+ Kf6
53. Raf7+ Ke6 54. Re7+ Kf6 55. b6 Qd6 56. Rxh7 Kg5 57. b7 d4 58. Rd7 Qb6 59.
Rxd4 Kf4 60. Rd5 Ke3 61. Rb5 Qg6 62. b8=Q Kf2 63. Qf4+ 1-0

[Event "2do ITT OAV Metro de Caracas "]
[Site "Casa del Ajedrez "]
[Date "2013.07.24"]
[Round "1.2"]
[White "Zavarce, Oscar Enrique"]
[Black "Castro, Jose Luis"]
[Result "1/2-1/2"]
[WhiteElo "2218"]
[BlackElo "2253"]
[PlyCount "57"]
[EventDate "2013.07.24"]

1. d4 Nf6 2. g3 g6 3. Bg2 Bg7 4. e4 O-O 5. e5 Ne8 6. Nf3 d6 7. O-O Nc6 8. exd6
Nxd6 9. c3 e5 10. Bg5 Bf6 11. Bxf6 Qxf6 12. dxe5 Nxe5 13. Nxe5 Qxe5 14. Nd2 Bf5
15. Nf3 Qb5 16. Qb3 Qc5 17. Nd4 Bd3 18. Rfe1 Rfe8 19. Rad1 Bc4 20. Qc2 a5 21.
a3 Bd5 22. Nb3 Rxe1+ 23. Rxe1 Qc4 24. Nd2 Qc6 25. Bxd5 Qxd5 26. c4 Qd4 27. c5
Nf5 28. Nf3 Qf6 29. Qb3 1/2-1/2

[Event "2do ITT OAV Metro de Caracas "]
[Site "Casa del Ajedrez "]
[Date "2013.07.24"]
[Round "1.3"]
[White "Zambrano, Alexander"]
[Black "Pazos Gambarrotti, Plinio"]
[Result "1-0"]
[WhiteElo "2258"]
[BlackElo "2281"]
[PlyCount "131"]
[EventDate "2013.07.24"]

1. e4 e6 2. d4 d5 3. e5 c5 4. c3 Nc6 5. Nf3 Qb6 6. a3 Bd7 7. b4 cxb4 8. cxb4
Rc8 9. Bb2 Na5 10. Nbd2 Nc4 11. Bxc4 dxc4 12. Rc1 Qa6 13. O-O Ba4 14. Qe2 Bb5
15. Rfd1 Ne7 16. Ne4 Nd5 17. Nfg5 Rc7 18. Nc3 Bc6 19. Qh5 g6 20. Qg4 h5 21.
Nxd5 Bxd5 22. Qf4 Bh6 23. Rc3 Qc6 24. Bc1 Qd7 25. Qf6 Rg8 26. Ne4 Bxe4 27. Bxh6
Qe7 28. Qf4 Bd5 29. Bg5 Qf8 30. b5 b6 31. Rb1 Kd7 32. a4 Rb7 33. h4 Kc8 34. Qc1
Kb8 35. Ra3 Qe8 36. a5 Qd7 37. Qc3 Rc8 38. Qb4 bxa5 39. Qxa5 c3 40. Rxc3 Rxc3
41. Qxc3 Rxb5 42. Rxb5+ Qxb5 43. Qa3 Qd7 44. Be7 Bc6 45. Bd6+ Ka8 46. Qa5 Kb7
47. Bc5 Kb8 48. f3 Ka8 49. Kf2 Bd5 50. Ke3 Bc4 51. g4 Bd5 52. Kf4 Kb8 53. Qa3
Bc6 54. Bd6+ Kc8 55. gxh5 gxh5 56. Kg5 Qb7 57. Kxh5 Bxf3+ 58. Kg5 Qe4 59. Qc5+
Qc6 60. h5 a5 61. h6 Qxc5 62. Bxc5 Be4 63. Kf6 Kd7 64. Kxf7 a4 65. d5 Bf5 66.
d6 1-0

[Event "2do ITT OAV Metro de Caracas "]
[Site "Casa del Ajedrez "]
[Date "2013.07.24"]
[Round "1.4"]
[White "Teran Abreu, Lisyender"]
[Black "Ruiz Aguilar, Pablo Alexander"]
[Result "0-1"]
[WhiteElo "2171"]
[BlackElo "2307"]
[PlyCount "84"]
[EventDate "2013.07.24"]

1. e4 c5 2. Nf3 e6 3. d3 Nc6 4. g3 d5 5. Nbd2 g6 6. Bg2 Bg7 7. O-O Nge7 8. Re1
O-O 9. c3 b6 10. Qe2 Ba6 11. e5 Rc8 12. Nf1 b5 13. Bf4 d4 14. Qd2 dxc3 15. bxc3
b4 16. c4 Nf5 17. Ne3 Ncd4 18. Ng4 Nxf3+ 19. Bxf3 Qd4 20. a3 b3 21. Qa5 Qxd3
22. Be2 Qe4 23. Qxa6 Nd4 24. f3 Nxe2+ 25. Kf2 Qd3 26. Red1 Nxf4 27. Rxd3 Nxd3+
28. Ke2 Nxe5 29. Nxe5 Bxe5 30. Rb1 b2 31. f4 Bd4 32. Kd3 Rc7 33. Kc2 Rb8 34.
Qd6 Rcb7 35. g4 Rb3 36. f5 exf5 37. gxf5 R8b6 38. Qd5 Kg7 39. fxg6 hxg6 40. h4
Rc3+ 41. Kd2 Rc1 42. Qe4 Bc3+ 0-1

[Event "2do ITT OAV Metro de Caracas "]
[Site "Casa del Ajedrez "]
[Date "2013.07.24"]
[Round "1.5"]
[White "Blanco Ronquillo, Humberto L"]
[Black "Ostos, Julio"]
[Result "1-0"]
[WhiteElo "2418"]
[BlackElo "2304"]
[PlyCount "51"]
[EventDate "2013.07.24"]

1. d4 Nf6 2. c4 c5 3. d5 g6 4. Nc3 Bg7 5. e4 O-O 6. Bd3 d6 7. h3 e6 8. Nf3 Na6
9. O-O Nc7 10. Re1 e5 11. Bg5 h6 12. Be3 Nh5 13. Bf1 Nf4 14. Kh2 Qd7 15. Ng1 g5
16. g3 Ng6 17. a3 Ne7 18. g4 Ng6 19. Nge2 h5 20. Ng3 hxg4 21. Nf5 Nh4 22. hxg4
Bf6 23. Nxh4 gxh4 24. Bh3 Kg7 25. Qf3 Kg6 26. Qf5+ 1-0

[Event "2do ITT OAV Metro de Caracas "]
[Site "Casa del Ajedrez "]
[Date "2013.07.24"]
[Round "2.1"]
[White "Palencia, Wilson"]
[Black "Ostos, Julio"]
[Result "1-0"]
[WhiteElo "2309"]
[BlackElo "2304"]
[PlyCount "61"]
[EventDate "2013.07.24"]

1. d4 Nf6 2. c4 c5 3. d5 g6 4. Nc3 Bg7 5. g3 O-O 6. Bg2 d6 7. Nf3 Na6 8. O-O
Nc7 9. Nd2 e6 10. dxe6 Nxe6 11. Nde4 Nxe4 12. Nxe4 Nd4 13. Bg5 f6 14. Bf4 f5
15. Ng5 Bf6 16. h4 h6 17. Nf3 g5 18. hxg5 hxg5 19. Nxd4 Bxd4 20. e3 Bxb2 21.
Bxd6 Bxa1 22. Bd5+ Rf7 23. Be5 Be6 24. Bxa1 Bxd5 25. Qh5 Rg7 26. Bxg7 Kxg7 27.
Rd1 Qe7 28. Rxd5 Rc8 29. e4 Rh8 30. Qd1 Qxe4 31. Qa1+ 1-0

[Event "2do ITT OAV Metro de Caracas "]
[Site "Casa del Ajedrez "]
[Date "2013.07.24"]
[Round "2.2"]
[White "Ruiz Aguilar, Pablo Alexander"]
[Black "Blanco Ronquillo, Humberto L"]
[Result "1/2-1/2"]
[WhiteElo "2307"]
[BlackElo "2418"]
[PlyCount "237"]
[EventDate "2013.07.24"]

1. e4 e5 2. Nf3 Nc6 3. Bb5 a6 4. Ba4 Nf6 5. O-O Be7 6. Re1 b5 7. Bb3 d6 8. c3
O-O 9. h3 Na5 10. Bc2 c5 11. d3 Nc6 12. Nbd2 Re8 13. Nf1 h6 14. Ng3 Qc7 15. Nh4
Nxe4 16. Rxe4 d5 17. Rg4 Bxg4 18. Qxg4 Bxh4 19. Qxh4 Re6 20. Nf5 Rae8 21. Be3
Nb8 22. Bb3 Qc6 23. Qg3 Rg6 24. Qf3 c4 25. dxc4 bxc4 26. Bc2 Nd7 27. Nh4 Rge6
28. Qd1 Nc5 29. b4 cxb3 30. axb3 Nd7 31. Ra5 Nf6 32. Bc5 Rd8 33. b4 d4 34. Nf5
Qc7 35. cxd4 exd4 36. Bb3 Re4 37. Ng3 Rf4 38. Rxa6 Qe5 39. Ra2 d3 40. Qa1 Qe8
41. Nf1 Ne4 42. Be3 Rf5 43. Nd2 Nd6 44. Ba4 Qe6 45. Ra3 Ne4 46. Bb3 Qe7 47. Ra7
Qxb4 48. Ra4 Qc3 49. Nxe4 Qxb3 50. Nd2 Qe6 51. Ra8 Rfd5 52. Rxd8+ Rxd8 53. Qa5
Rc8 54. Nf3 Qe4 55. Qe5 Qc6 56. Qd4 Qb5 57. Ne5 Qb1+ 58. Kh2 Qb8 59. f4 Rd8 60.
Qc3 Qb5 61. Qc4 Qxc4 62. Nxc4 Rc8 63. Nd2 Re8 64. Nf1 f6 65. Kg3 Kf7 66. Kf3
Re6 67. Nd2 Re7 68. Nb3 Re8 69. Nc5 Rd8 70. Bd2 Rd5 71. Ne4 Rd7 72. Ke3 Rd5 73.
Nf2 Rd7 74. Nxd3 Ra7 75. Bb4 Rd7 76. Nc5 Ra7 77. Kf3 Ra2 78. Ne4 Rb2 79. Bc5
Rb3+ 80. Be3 Ra3 81. Nd6+ Ke6 82. Nb5 Ra5 83. Nd4+ Kf7 84. f5 Rd5 85. g4 Ra5
86. Nc6 Ra3 87. Ke4 Ra1 88. Nd8+ Ke8 89. Ne6 Kf7 90. h4 Rh1 91. Bf2 Rh2 92. Bg3
Rh1 93. Kf3 Kg8 94. Bf2 Kf7 95. h5 Ra1 96. Bc5 Ra8 97. Bd4 Ra3+ 98. Kf4 Ra4 99.
Ke4 Ra2 100. Nf4 Ra5 101. Nd3 Ra4 102. Nc5 Ra3 103. Nb7 Ra8 104. Nd6+ Kg8 105.
Kd5 Ra2 106. Ne4 Kf7 107. Bc5 Rg2 108. Nf2 Rg3 109. Kc4 Rf3 110. Bd4 Rg3 111.
Kd5 Rf3 112. Ke4 Ra3 113. Be3 Ra4+ 114. Kf3 Ra3 115. Nh1 Rb3 116. Ng3 Ra3 117.
Ne4 Ra8 118. Nd6+ Kg8 119. Nb7 1/2-1/2

[Event "2do ITT OAV Metro de Caracas "]
[Site "Casa del Ajedrez "]
[Date "2013.07.24"]
[Round "2.3"]
[White "Pazos Gambarrotti, Plinio"]
[Black "Teran Abreu, Lisyender"]
[Result "0-1"]
[WhiteElo "2281"]
[BlackElo "2171"]
[PlyCount "92"]
[EventDate "2013.07.24"]

1. d4 Nf6 2. c4 g6 3. Nc3 Bg7 4. e4 d6 5. Nge2 O-O 6. Ng3 c5 7. d5 e6 8. Be2
exd5 9. exd5 Re8 10. O-O Na6 11. Bf4 Nc7 12. a4 h5 13. Re1 h4 14. Nf1 Ne4 15.
Rc1 Nxf2 16. Kxf2 Qf6 17. Qd2 Bh6 18. Kf3 g5 19. Ne4 Rxe4 20. Kxe4 Qf5+ 21. Ke3
Bg7 22. Bf3 gxf4+ 23. Ke2 Bd7 24. b3 Na6 25. Qc2 Qxc2+ 26. Rxc2 Nb4 27. Kd2
Nxc2 28. Kxc2 Be5 29. Nd2 Kg7 30. h3 Bf5+ 31. Be4 Kg6 32. Bd3 Bxd3+ 33. Kxd3
Kf5 34. Nf3 Bf6 35. Re2 a6 36. Nd2 Rb8 37. a5 b6 38. axb6 Rxb6 39. Re8 Rb7 40.
Ra8 Re7 41. Rxa6 Re3+ 42. Kc2 Re2 43. Rxd6 Rxg2 44. Kd1 Bc3 45. Nf3 Ke4 46.
Nxh4 Rf2 0-1

[Event "2do ITT OAV Metro de Caracas "]
[Site "Casa del Ajedrez "]
[Date "2013.07.24"]
[Round "2.4"]
[White "Castro, Jose Luis"]
[Black "Zambrano, Alexander"]
[Result "1-0"]
[WhiteElo "2253"]
[BlackElo "2258"]
[PlyCount "109"]
[EventDate "2013.07.24"]

1. e4 Nf6 2. e5 Nd5 3. c4 Nb6 4. d4 d6 5. f4 dxe5 6. fxe5 Nc6 7. Be3 Bf5 8. Nc3
e6 9. Nf3 Bb4 10. Be2 O-O 11. O-O Na5 12. c5 Bxc3 13. bxc3 Nbc4 14. Bf4 Nb2 15.
Qd2 Nac4 16. Qe1 Nd3 17. Qg3 Nxf4 18. Qxf4 Na5 19. Nh4 Bg6 20. Nxg6 hxg6 21.
Rf3 b6 22. cxb6 cxb6 23. Ba6 Rb8 24. a4 Nc6 25. Rh3 Qe7 26. Qe4 Na5 27. Rf1 f5
28. exf6 Rxf6 29. Rxf6 Qxf6 30. Rf3 Qe7 31. Qxg6 Rf8 32. Rh3 Rf6 33. Qh7+ Kf7
34. Qh5+ Kf8 35. Qh8+ Kf7 36. Rg3 Qf8 37. Qh5+ g6 38. Qg5 Qa3 39. h4 Qxa4 40.
Be2 Qc2 41. Bg4 Qf2+ 42. Kh2 Qf4 43. Qb5 Ke7 44. d5 Qc4 45. d6+ Kd8 46. Qg5 Qf4
47. Qxf4 Rxf4 48. h5 Rf6 49. h6 Nb7 50. Bxe6 Rxe6 51. h7 Re8 52. Rxg6 Nxd6 53.
Rxd6+ Ke7 54. Rc6 Kd7 55. Rg6 1-0

[Event "2do ITT OAV Metro de Caracas "]
[Site "Casa del Ajedrez "]
[Date "2013.07.24"]
[Round "2.5"]
[White "Merritt, Mario"]
[Black "Zavarce, Oscar Enrique"]
[Result "0-1"]
[WhiteElo "2080"]
[BlackElo "2218"]
[PlyCount "88"]
[EventDate "2013.07.24"]

1. c4 c5 2. g3 g6 3. Bg2 Bg7 4. Nc3 Nc6 5. Nf3 Nh6 6. h4 d6 7. d4 cxd4 8. Bxh6
Bxh6 9. Nxd4 Bd7 10. h5 Bg7 11. Nxc6 bxc6 12. Qd2 Qa5 13. Rc1 Qb4 14. b3 a5 15.
h6 Bf6 16. Ne4 Bb2 17. Rc2 Qxd2+ 18. Kxd2 Ba3 19. Nc3 O-O 20. f4 Rad8 21. e4 f5
22. Re1 e5 23. Rf1 fxe4 24. Bxe4 d5 25. Bd3 e4 26. Be2 Bf5 27. cxd5 e3+ 28. Kd1
cxd5 29. Rc1 d4 30. Bc4+ Kh8 31. Nd5 Bg4+ 32. Kc2 d3+ 33. Kxd3 Bxc1 34. Rxc1
Be6 35. Ke4 Bxd5+ 36. Bxd5 e2 37. Re1 Rfe8+ 38. Kd4 Rd7 39. Kc5 Rc8+ 40. Bc6
Rdc7 41. Rxe2 Rxc6+ 42. Kb5 Rc2 43. Rxc2 Rxc2 44. Kxa5 Rxa2+ 0-1

[Event "2do ITT OAV Metro de Caracas "]
[Site "Casa del Ajedrez "]
[Date "2013.07.25"]
[Round "3.1"]
[White "Zavarce, Oscar Enrique"]
[Black "Palencia, Wilson"]
[Result "1/2-1/2"]
[WhiteElo "2218"]
[BlackElo "2309"]
[PlyCount "153"]
[EventDate "2013.07.24"]

1. e4 d6 2. d4 Nf6 3. Nc3 c6 4. f4 d5 5. e5 Ng8 6. Bd3 g6 7. Nf3 Nh6 8. Ne2 Bg4
9. Ng3 e6 10. h3 Bxf3 11. Qxf3 Nd7 12. Be3 Qb6 13. O-O c5 14. dxc5 Bxc5 15.
Bxc5 Nxc5 16. Kh2 O-O-O 17. a4 Kb8 18. a5 Qc7 19. Ne2 Nf5 20. a6 Nxd3 21. cxd3
Qb6 22. axb7 Rd7 23. Nc3 Rxb7 24. Na4 Qd4 25. Qf2 Qxf2 26. Rxf2 Rc8 27. Nc3 Rb3
28. Rd2 h5 29. g3 Ne3 30. Kg1 d4 31. Ne2 Rc2 32. Rxc2 Nxc2 33. Rd1 Rxb2 34. Rd2
Rb1+ 35. Kf2 Nb4 36. Nxd4 a6 37. g4 hxg4 38. hxg4 Kc7 39. f5 gxf5 40. gxf5 Kd7
41. fxe6+ fxe6 42. Ke2 a5 43. Nc2 Nxc2 44. Rxc2 Rb5 45. d4 a4 46. Ra2 Ra5 47.
Ra3 Kc6 48. Kd3 Kd5 49. Kc3 Ke4 50. Kc4 Ra8 51. Kc5 Ra5+ 52. Kc4 Rd5 53. Rd3
Rd8 54. Rd1 Rc8+ 55. Kb4 Ra8 56. Kc4 Rc8+ 57. Kb4 Kd5 58. Kxa4 Rc4+ 59. Kb3
Rxd4 60. Re1 Re4 61. Rh1 Kxe5 62. Kc3 Kf4 63. Kd2 Re5 64. Rh3 Ra5 65. Ke1 e5
66. Rb3 Ra1+ 67. Ke2 Ra2+ 68. Ke1 e4 69. Rc3 Ra8 70. Rb3 Rd8 71. Ra3 Rd4 72.
Rb3 e3 73. Rb8 Ke4 74. Ke2 Rd2+ 75. Ke1 Rd4 76. Ke2 Rd2+ 77. Ke1 1/2-1/2

[Event "2do ITT OAV Metro de Caracas "]
[Site "Casa del Ajedrez "]
[Date "2013.07.25"]
[Round "3.2"]
[White "Zambrano, Alexander"]
[Black "Merritt, Mario"]
[Result "1/2-1/2"]
[WhiteElo "2258"]
[BlackElo "2080"]
[PlyCount "71"]
[EventDate "2013.07.24"]

1. e4 c5 2. Nc3 g6 3. f4 Bg7 4. Nf3 Nc6 5. Bb5 Nd4 6. Bd3 d6 7. Nxd4 cxd4 8.
Ne2 Nf6 9. O-O O-O 10. Qe1 e5 11. c3 dxc3 12. dxc3 d5 13. fxe5 Nxe4 14. Nd4
Bxe5 15. Bxe4 dxe4 16. Qxe4 Re8 17. Bf4 Bxd4+ 18. Qxd4 Qxd4+ 19. cxd4 Be6 20.
b3 a5 21. Be5 a4 22. bxa4 Rxa4 23. Rfb1 Bd5 24. Rb6 Bc6 25. Rb2 Rea8 26. Rc1 f6
27. Bxf6 Rxa2 28. Rcc2 Rxb2 29. Rxb2 Kf7 30. Be5 Bd5 31. Kf2 Ra2 32. Rxa2 Bxa2
33. Ke3 Ke6 34. Kd3 Bd5 35. g3 g5 36. h4 1/2-1/2

[Event "2do ITT OAV Metro de Caracas "]
[Site "Casa del Ajedrez "]
[Date "2013.07.25"]
[Round "3.3"]
[White "Teran Abreu, Lisyender"]
[Black "Castro, Jose Luis"]
[Result "1-0"]
[WhiteElo "2171"]
[BlackElo "2253"]
[PlyCount "121"]
[EventDate "2013.07.24"]

1. e4 c5 2. Nf3 Nc6 3. d4 cxd4 4. Nxd4 Nf6 5. Nc3 e5 6. Ndb5 d6 7. Bg5 a6 8.
Na3 b5 9. Nd5 Be7 10. Bxf6 Bxf6 11. c4 b4 12. Nc2 O-O 13. Be2 Bg5 14. O-O a5
15. Qd3 Be6 16. Nde3 Bxe3 17. Nxe3 Nd4 18. Rfd1 Rc8 19. b3 Rc5 20. Nc2 Nxc2 21.
Qxc2 Qb6 22. Rd2 Ra8 23. Rad1 Rc6 24. Qd3 Kf8 25. Qg3 a4 26. Qh4 h6 27. h3 Qd8
28. Qg3 axb3 29. axb3 Ra3 30. Qxe5 dxe5 31. Rxd8+ Ke7 32. R8d3 Rca6 33. Bg4
Bxg4 34. hxg4 Ra1 35. Kf1 Rxd1+ 36. Rxd1 Ra2 37. Rd5 Rb2 38. Rxe5+ Kf8 39. Rb5
Rxb3 40. Ke2 Rb2+ 41. Ke3 b3 42. f3 Rc2 43. Kd3 Rxg2 44. Rxb3 g6 45. c5 h5 46.
gxh5 gxh5 47. c6 Ke7 48. Rb7+ Kd6 49. c7 Kd7 50. c8=Q+ Kxc8 51. Rxf7 Kd8 52.
Rh7 Rh2 53. Ke3 Ke8 54. Kf4 Rh3 55. e5 h4 56. Ke4 Rh1 57. Kf5 Kf8 58. Kf6 Kg8
59. Rg7+ Kh8 60. Rg4 Rh3 61. f4 1-0

[Event "2do ITT OAV Metro de Caracas "]
[Site "Casa del Ajedrez "]
[Date "2013.07.25"]
[Round "3.4"]
[White "Blanco Ronquillo, Humberto L"]
[Black "Pazos Gambarrotti, Plinio"]
[Result "1-0"]
[WhiteElo "2418"]
[BlackElo "2281"]
[PlyCount "31"]
[EventDate "2013.07.24"]

1. e4 c5 2. Nf3 Nc6 3. d4 cxd4 4. Nxd4 Nf6 5. Nc3 d6 6. Nde2 e5 7. h3 d5 8.
exd5 Nb4 9. Bg5 Bf5 10. Ng3 Nxc2+ 11. Kd2 Bb4 12. Nxf5 Ne4+ 13. Kxc2 Qxg5 14.
Bb5+ Kf8 15. Nxe4 Qxf5 16. Qg4 1-0

[Event "2do ITT OAV Metro de Caracas "]
[Site "Casa del Ajedrez "]
[Date "2013.07.25"]
[Round "3.5"]
[White "Ostos, Julio"]
[Black "Ruiz Aguilar, Pablo Alexander"]
[Result "1/2-1/2"]
[WhiteElo "2304"]
[BlackElo "2307"]
[PlyCount "74"]
[EventDate "2013.07.24"]

1. e4 c5 2. Nf3 Nc6 3. Bb5 Nd4 4. Nxd4 cxd4 5. O-O e6 6. c3 a6 7. Qa4 Rb8 8.
Be2 dxc3 9. bxc3 b5 10. Qc2 Bb7 11. a4 Nf6 12. e5 Nd5 13. d4 Bc6 14. axb5 axb5
15. Na3 Ra8 16. Qb2 Nxc3 17. Qxc3 b4 18. Qg3 bxa3 19. Bxa3 Bxa3 20. Rxa3 O-O
21. Rxa8 Qxa8 22. Bf3 Bxf3 23. Qxf3 Qxf3 24. gxf3 f6 25. Kg2 Kf7 26. Kg3 Kg6
27. Rb1 fxe5 28. dxe5 Rf5 29. f4 Kf7 30. h4 Ke7 31. Rb8 Rf8 32. Rxf8 Kxf8 33.
h5 Ke7 34. Kg4 Kf7 35. f5 exf5+ 36. Kxf5 Ke7 37. f4 Kf7 1/2-1/2

[Event "2do ITT OAV Metro de Caracas "]
[Site "Casa del Ajedrez "]
[Date "2013.07.25"]
[Round "4.1"]
[White "Palencia, Wilson"]
[Black "Ruiz Aguilar, Pablo Alexander"]
[Result "1-0"]
[WhiteElo "2309"]
[BlackElo "2307"]
[PlyCount "149"]
[EventDate "2013.07.24"]

1. e4 c5 2. Nf3 e6 3. c4 d6 4. d4 cxd4 5. Nxd4 Nf6 6. Nc3 Be7 7. Be2 O-O 8. O-O
a6 9. Be3 Qc7 10. Rc1 b6 11. b3 Bb7 12. Bd3 Nbd7 13. Bb1 Rac8 14. f4 Qb8 15.
Re1 Rfe8 16. Qf3 Bf8 17. Qh3 g6 18. Nf3 b5 19. cxb5 axb5 20. Nxb5 Bxe4 21. Rxc8
Rxc8 22. Bxe4 Nxe4 23. a4 d5 24. Nfd4 Ndc5 25. Qf3 Nd3 26. Rf1 Bg7 27. Qd1 Nb4
28. Qe2 Qb7 29. Rc1 Rxc1+ 30. Bxc1 Qc8 31. Be3 Bxd4 32. Nxd4 Qc3 33. g3 Nd3 34.
Kg2 Ndc5 35. Bg1 Nxb3 36. Nxb3 Qxb3 37. a5 Nc3 38. Qf2 Qa4 39. Qb6 Qe4+ 40. Kh3
Ne2 41. Qb8+ Kg7 42. Qe5+ Qxe5 43. fxe5 Nc3 44. a6 Nb5 45. Bb6 f6 46. Bd4 fxe5
47. Bxe5+ Kf7 48. Kg4 Ke7 49. Kg5 Kd7 50. Kh6 Kc6 51. Kxh7 d4 52. Kxg6 d3 53.
Bf4 e5 54. Bg5 Nd6 55. a7 Kb7 56. Bc1 e4 57. Kg5 Kxa7 58. Kf4 Kb7 59. h4 Kc6
60. h5 Kd5 61. h6 Nf7 62. h7 Ne5 63. Ke3 Ng6 64. Bb2 Ke6 65. h8=Q Nxh8 66. Bxh8
Kf5 67. Bc3 Kg4 68. Bd2 Kg5 69. Kf2+ Kf5 70. Be3 Kg4 71. Kg2 Kf5 72. Kh3 Ke5
73. g4 Kd5 74. Kh4 Kc4 75. Kg5 1-0

[Event "2do ITT OAV Metro de Caracas "]
[Site "Casa del Ajedrez "]
[Date "2013.07.25"]
[Round "4.2"]
[White "Pazos Gambarrotti, Plinio"]
[Black "Ostos, Julio"]
[Result "0-1"]
[WhiteElo "2281"]
[BlackElo "2304"]
[PlyCount "64"]
[EventDate "2013.07.24"]

1. e4 e6 2. d4 d5 3. Nd2 Nf6 4. e5 Nfd7 5. c3 c5 6. Bd3 Nc6 7. Ne2 cxd4 8. cxd4
f6 9. Nf4 Nxd4 10. Qh5+ Ke7 11. exf6+ Nxf6 12. Ng6+ hxg6 13. Qxh8 Kf7 14. Qh4
e5 15. Nf3 Nxf3+ 16. gxf3 Bf5 17. Bxf5 gxf5 18. Bg5 d4 19. Rc1 Bd6 20. Qh3 Ke6
21. Bxf6 Qa5+ 22. Kf1 gxf6 23. Rg1 Qd2 24. Kg2 Rg8+ 25. Kh1 Rxg1+ 26. Rxg1 Qxf2
27. Qh5 Be7 28. Rg7 Qf1+ 29. Rg1 Qe2 30. Rg7 Kd6 31. Qxf5 d3 32. Rg2 d2 0-1

[Event "2do ITT OAV Metro de Caracas "]
[Site "Casa del Ajedrez "]
[Date "2013.07.25"]
[Round "4.3"]
[White "Castro, Jose Luis"]
[Black "Blanco Ronquillo, Humberto L"]
[Result "0-1"]
[WhiteElo "2253"]
[BlackElo "2418"]
[PlyCount "88"]
[EventDate "2013.07.24"]

1. e4 e6 2. d4 d5 3. Nd2 dxe4 4. Nxe4 Bd7 5. Nf3 Bc6 6. Bd3 Nd7 7. O-O Ngf6 8.
Nxf6+ Qxf6 9. Be2 Bd6 10. c4 Qf5 11. d5 exd5 12. Nd4 Qe5 13. g3 O-O 14. Bf4 Qf6
15. Bxd6 cxd6 16. Nxc6 bxc6 17. cxd5 c5 18. Rb1 Rfb8 19. Qd2 Rb4 20. a3 Rd4 21.
Qc3 Rb8 22. b4 Rxd5 23. Qxf6 gxf6 24. bxc5 Rxb1 25. Rxb1 Nxc5 26. Rb8+ Kg7 27.
Ra8 Re5 28. Bb5 Re7 29. Rd8 Rb7 30. Bc6 Rb6 31. Bd5 Ra6 32. Re8 Rxa3 33. Re7 a5
34. Rxf7+ Kg6 35. Ra7 f5 36. Ra8 a4 37. Rd8 Rd3 38. Bc4 Rd4 39. Ba2 Rd1+ 40.
Kg2 Rd2 41. Bc4 Ne4 42. Ra8 Nxf2 43. Rxa4 Ng4+ 44. Kg1 Nxh2 0-1

[Event "2do ITT OAV Metro de Caracas "]
[Site "Casa del Ajedrez "]
[Date "2013.07.25"]
[Round "4.4"]
[White "Merritt, Mario"]
[Black "Teran Abreu, Lisyender"]
[Result "0-1"]
[WhiteElo "2080"]
[BlackElo "2171"]
[PlyCount "27"]
[EventDate "2013.07.24"]

1. c4 g6 2. g3 Bg7 3. Bg2 Nc6 4. Nc3 d6 5. d3 e5 6. e4 Be6 7. Nge2 f5 8. O-O
Nf6 9. Nd5 O-O 10. Bg5 Ne7 11. Qd2 c6 12. Nxe7+ Qxe7 13. Rac1 Rfd8 14. c5 {
ilegible} 0-1

[Event "2do ITT OAV Metro de Caracas "]
[Site "Casa del Ajedrez "]
[Date "2013.07.25"]
[Round "4.5"]
[White "Zavarce, Oscar Enrique"]
[Black "Zambrano, Alexander"]
[Result "0-1"]
[WhiteElo "2218"]
[BlackElo "2258"]
[PlyCount "122"]
[EventDate "2013.07.24"]

1. e4 Nf6 2. e5 Nd5 3. d4 d6 4. Nf3 g6 5. c4 Nb6 6. exd6 cxd6 7. Nc3 Bg7 8. Be2
Bg4 9. Be3 Nc6 10. O-O O-O 11. b3 d5 12. c5 Nc8 13. Rc1 e6 14. h3 Bxf3 15. Bxf3
N8e7 16. Ne2 Nf5 17. Qd2 Nh4 18. Bg4 h5 19. Bg5 Bf6 20. Bxh4 Bxh4 21. Bf3 Bg5
22. Qc3 Bxc1 23. Rxc1 a5 24. a3 Qf6 25. Rd1 Rfd8 26. Qe3 Ne7 27. Nc3 Nf5 28.
Qd2 Kg7 29. Nb5 a4 30. b4 Rh8 31. Be2 g5 32. g3 Rh6 33. Bd3 Nxd4 34. Nxd4 Qxd4
35. Re1 Qf6 36. Bb5 h4 37. g4 Qf4 38. Qb2+ Rf6 39. c6 bxc6 40. Bxc6 Rc8 41. b5
Rd8 42. Re3 d4 43. Re4 Qd6 44. Qd2 Rf4 45. Rxf4 Qxf4 46. Qd3 Qc1+ 47. Kg2 Qc3
48. Be4 Qxd3 49. Bxd3 Kf6 50. Kf3 Ke5 51. Ke2 f5 52. f3 fxg4 53. fxg4 Kf4 54.
Bc2 e5 55. Bxa4 e4 56. Bb3 d3+ 57. Ke1 e3 58. Bc4 d2+ 59. Kd1 Rc8 60. Bb3 Rc1+
61. Ke2 Re1+ 0-1

[Event "2do ITT OAV Metro de Caracas "]
[Site "Casa del Ajedrez "]
[Date "2013.07.26"]
[Round "5.1"]
[White "Zambrano, Alexander"]
[Black "Palencia, Wilson"]
[Result "0-1"]
[WhiteElo "2258"]
[BlackElo "2309"]
[PlyCount "76"]
[EventDate "2013.07.24"]

1. e4 d5 2. exd5 Qxd5 3. Nc3 Qe5+ 4. Be2 c6 5. Nf3 Qc7 6. d4 Nd7 7. O-O Ngf6 8.
Bc4 e6 9. Re1 Bd6 10. d5 Nb6 11. Bb5 cxb5 12. Nxb5 Qd8 13. dxe6 Bb8 14. exf7+
Kxf7 15. Ng5+ Kg6 16. Nd4 Qd5 17. c4 Qxc4 18. Be3 Qd5 19. Rc1 Bf5 20. Nxf5 Qxf5
21. Rc5 Nbd5 22. g4 Qxg4+ 23. Qxg4 Nxg4 24. Rxd5 Bxh2+ 25. Kg2 Rhe8 26. Nf3
Nxe3+ 27. Rxe3 Rxe3 28. fxe3 Bc7 29. Rd7 Rc8 30. Nd4 Kf6 31. Kf3 h5 32. Nb5 Bb8
33. Rxb7 g5 34. Nxa7 g4+ 35. Ke2 Bxa7 36. Rxa7 Rc2+ 37. Kf1 h4 38. Ra5 h3 0-1

[Event "2do ITT OAV Metro de Caracas "]
[Site "Casa del Ajedrez "]
[Date "2013.07.26"]
[Round "5.2"]
[White "Teran Abreu, Lisyender"]
[Black "Zavarce, Oscar Enrique"]
[Result "1-0"]
[WhiteElo "2171"]
[BlackElo "2218"]
[PlyCount "97"]
[EventDate "2013.07.24"]

1. e4 c5 2. Nf3 Nc6 3. d3 g6 4. g3 Bg7 5. Bg2 e5 6. O-O Nge7 7. Be3 b6 8. c3
O-O 9. d4 exd4 10. cxd4 d5 11. exd5 Nxd5 12. Bg5 f6 13. Bc1 Ba6 14. Re1 Ndb4
15. d5 Qxd5 16. Bd2 Qd7 17. Na3 Rad8 18. Qb3+ Qf7 19. Qa4 Bb7 20. Bxb4 cxb4 21.
Nc2 Ne5 22. Re3 Bh6 23. Rb3 Bd5 24. Nxe5 Bxb3 25. Nxf7 Bxa4 26. Nxd8 Bxc2 27.
Nc6 a5 28. Re1 Ba4 29. Re7 Bg7 30. Bd5+ Kh8 31. Rb7 f5 32. Rxb6 Bxb2 33. Nxa5
Bc3 34. Nc6 f4 35. Kg2 Bd1 36. f3 Re8 37. Be4 g5 38. Rb7 Bg7 39. Nxb4 Kg8 40.
Nc6 h5 41. Ne7+ Kf8 42. Nf5 Bc3 43. Rc7 Ba5 44. Ra7 Bb4 45. Rh7 Rxe4 46. fxe4
f3+ 47. Kf2 g4 48. Ne3 Bc5 49. Rxh5 1-0

[Event "2do ITT OAV Metro de Caracas "]
[Site "Casa del Ajedrez "]
[Date "2013.07.26"]
[Round "5.3"]
[White "Blanco Ronquillo, Humberto L"]
[Black "Merritt, Mario"]
[Result "1-0"]
[WhiteElo "2418"]
[BlackElo "2080"]
[PlyCount "63"]
[EventDate "2013.07.24"]

1. e4 c5 2. Nf3 g6 3. d4 cxd4 4. Nxd4 Nc6 5. Be3 Nf6 6. Nc3 Bg7 7. Bc4 Qa5 8.
O-O O-O 9. Bb3 d6 10. h3 Bd7 11. Re1 Rfe8 12. Qd2 Rac8 13. Rad1 a6 14. f4 Qh5
15. Qf2 b5 16. Nxc6 Bxc6 17. Bd4 Nd7 18. Bxg7 Kxg7 19. Nd5 e6 20. Qd4+ e5 21.
Qb4 Nc5 22. f5 gxf5 23. exf5 f6 24. Nxf6 Kxf6 25. Rxd6+ Kg7 26. Qxc5 Bxg2 27.
Qa7+ Kh8 28. f6 Bb7 29. Qxb7 Rg8+ 30. Bxg8 Rxg8+ 31. Kf2 Qh4+ 32. Ke2 1-0

[Event "2do ITT OAV Metro de Caracas "]
[Site "Casa del Ajedrez "]
[Date "2013.07.26"]
[Round "5.4"]
[White "Ostos, Julio"]
[Black "Castro, Jose Luis"]
[Result "0-1"]
[WhiteElo "2304"]
[BlackElo "2253"]
[PlyCount "32"]
[EventDate "2013.07.24"]

1. e4 c5 2. Nf3 e6 3. Nc3 Nf6 4. e5 Nd5 5. Nxd5 exd5 6. d4 c4 7. b3 Qa5+ 8. Bd2
c3 9. Bc1 Nc6 10. a3 d6 11. b4 Nxb4 12. Bf4 Nc6 13. exd6 Qd8 14. Qe2+ Be6 15.
d7+ Qxd7 16. Ne5 Nxd4 0-1